Normal view
MARC view
Entry Topical Term
001 - CONTROL NUMBER
- control field: 9620
003 - CONTROL NUMBER IDENTIFIER
- control field: dpl
005 - DATE AND TIME OF LATEST TRANSACTION
- control field: 20100809162549.0
008 - FIXED-LENGTH DATA ELEMENTS
- fixed length control field: 100809|||a|||||| | ||| d
040 ## - CATALOGING SOURCE
- Original cataloging agency: dpl
- Transcribing agency: dpl
150 ## - HEADING--TOPICAL TERM
- Topical term or geographic name as entry element: Consumers
670 ## - SOURCE DATA FOUND
- Source citation: Work cat.: (dpl)39827: . Balasubramaniam, D. 9619, Consumer behaviour /, 2008
670 ## - SOURCE DATA FOUND
- Source citation: Work cat.: (dpl)39827: . Balasubramaniam, D. 9619, Consumer behaviour /, 2008
